| 000 | 00597nam a22001817a 4500 | ||
|---|---|---|---|
| 003 | BD-DhUL | ||
| 005 | 20210210145208.0 | ||
| 008 | 171112s1927 ii ||||| |||| 00| 0 per d | ||
| 040 |
_aBD-DhUL _cBD-DhUL |
||
| 082 |
_a891.551 _bFIS |
||
| 100 | 1 | _aفردوسي، ابو القاسم طوسي۔ | |
| 245 | 0 |
_aشاھنامه : _cابو القاسم طوسي فردوسي۔ _bجلد ۴ / |
|
| 246 | _aShahnameh : vol. 4 | ||
| 260 |
_aکلکته : _bکلکته بقالب طبع در آمد، _c۱۹۲۷۔ |
||
| 300 |
_aص۔ ۲۲۹۶ ؛ _c۲۴ سم۔ |
||
| 650 | 4 | _aPersian poetry. | |
| 942 |
_2ddc _cBK |
||
| 999 |
_c231892 _d231892 |
||